Zwischen den Künsten : Edward Gordon Craig und das Bildertheater um 1900
Saved in:
| Main Author: | |
|---|---|
| Document Type: | Thesis Book |
| Language: | German |
| Published: |
Berlin
: Akademie-Verl.
, 2002
|
| Subjects: | |
| Online Access: | Inhaltsverzeichnis Rezension Rezension Inhaltsverzeichnis Rezension |
| Related Items: | Erscheint auch als:
Zwischen den Künsten Rezensiert in: [Rezension von: Uta Grund, Zwischen den Künsten] |
| Author Notes: | Uta Grund |
| LEADER | 04346cam a2200877 c 4500 | ||
|---|---|---|---|
| 001 | 352075724 | ||
| 003 | DE-627 | ||
| 005 | 20260613210302.0 | ||
| 007 | tu | ||
| 008 | 020807s2002 gw ||||| m 00| ||ger c | ||
| 015 | |a 03,N11,1522 |2 dnb | ||
| 015 | |a 99,H11,1596 |2 dnb | ||
| 016 | 7 | |a 957537360 |2 DE-101 | |
| 020 | |a 3050037210 |9 3-05-003721-0 | ||
| 024 | 3 | |a 9783050037219 | |
| 035 | |a (DE-627)352075724 | ||
| 035 | |a (DE-603)107270897 | ||
| 035 | |a (DE-576)103363521 | ||
| 035 | |a (DE-599)GBV352075724 | ||
| 035 | |a (OCoLC)722955233 | ||
| 035 | |a (OCoLC)1078715919 | ||
| 035 | |a (OCoLC)51728220 | ||
| 035 | |a (OCoLC)237790518 | ||
| 040 | |a DE-627 |b ger |c DE-627 |e rakwb | ||
| 041 | |a ger | ||
| 044 | |c XA-DE |c XA-GB |c XD-US | ||
| 050 | 0 | |a PN2096.C7 | |
| 072 | 7 | |a ART 000000 |2 bisacsh | |
| 072 | 7 | |a ART000000 |2 bisacsh | |
| 082 | 0 | |a 700 |q SEPA |2 23 | |
| 084 | |a 49 |2 sdnb | ||
| 084 | |a AP 64200 |2 rvk |0 (DE-625)rvk/7828: | ||
| 084 | |a AP 74100 |2 rvk |0 (DE-625)rvk/7929: | ||
| 084 | |a 24.02 |2 bkl | ||
| 084 | |a 24.01 |2 bkl | ||
| 084 | |a 24.03 |2 bkl | ||
| 084 | |a 24.06 |2 bkl | ||
| 100 | 1 | |a Grund, Uta |d 1968- |0 (DE-588)121419606 |0 (DE-627)081294549 |0 (DE-576)18316718X |4 aut | |
| 245 | 1 | 0 | |a Zwischen den Künsten |b Edward Gordon Craig und das Bildertheater um 1900 |c Uta Grund |
| 264 | 1 | |a Berlin |b Akademie-Verl. |c 2002 | |
| 300 | |a 302 S. |b Ill. | ||
| 336 | |a Text |b txt |2 rdacontent | ||
| 337 | |a ohne Hilfsmittel zu benutzen |b n |2 rdamedia | ||
| 338 | |a Band |b nc |2 rdacarrier | ||
| 502 | |a Zugl.: Berlin, Humboldt-Univ., Diss., 1999 u.d.T.: Grund, Uta: Edward Gordon Craig und das Theater der bewegten Bilder | ||
| 600 | 1 | 0 | |a Craig, Edward Gordon |
| 650 | 0 | |a Theaters |x Stage setting and scenery | |
| 655 | 7 | |a Hochschulschrift |0 (DE-588)4113937-9 |0 (DE-627)105825778 |0 (DE-576)209480580 |2 gnd-content | |
| 689 | 0 | 0 | |d p |0 (DE-588)118677233 |0 (DE-627)079460461 |0 (DE-576)160636396 |a Craig, Edward Gordon |d 1872-1966 |2 gnd |
| 689 | 0 | 1 | |d s |0 (DE-588)4059702-7 |0 (DE-627)106142550 |0 (DE-576)20913187X |a Theater |2 gnd |
| 689 | 0 | 2 | |d s |0 (DE-588)4156925-8 |0 (DE-627)104508221 |0 (DE-576)209830514 |a Gesamtkunstwerk |2 gnd |
| 689 | 0 | |5 DE-101 | |
| 751 | |a Berlin |0 (DE-588)4005728-8 |0 (DE-627)10482638X |0 (DE-576)208862560 |4 uvp | ||
| 776 | 0 | 8 | |i Erscheint auch als |n Online-Ausgabe |a Grund, Uta, 1968 - |t Zwischen den Künsten |d Berlin : De Gruyter, 2003 |h Online-Ressource (302 S.) |w (DE-627)1658631404 |w (DE-576)44679113X |z 9783050080796 |z 9783050080802 |
| 787 | 0 | 8 | |i Rezensiert in |a Kalkreuter, Britta |t [Rezension von: Uta Grund, Zwischen den Künsten] |d 2004 |w (DE-627)1919531602 |
| 856 | 4 | 2 | |u http://bvbr.bib-bvb.de:8991/F?func=service&doc_library=BVB01&doc_number=010224820&line_number=0001&func_code=DB_RECORDS&service_type=MEDIA |m V:DE-604 |q application/pdf |3 Inhaltsverzeichnis |7 1 |
| 856 | 4 | 2 | |u https://swbplus.bsz-bw.de/bsz103363521rez.htm |m V:DE-576 |v 2005-06-07 |3 Rezension |7 1 |
| 856 | 4 | 2 | |u http://www.sehepunkte.de/2004/03/2719.html |m V:DE-576;X:Sehepunkte |q text/html |v 20180424122851 |3 Rezension |7 1 |
| 856 | 4 | 2 | |u http://scans.hebis.de/HEBCGI/show.pl?10727089_toc.pdf |m V:DE-604 |q application/pdf |3 Inhaltsverzeichnis |7 1 |
| 856 | 4 | 2 | |u http://bvbm1.bib-bvb.de/webclient/DeliveryManager?pid=211640&custom_att_2=simple_viewer |x Verlag |3 Rezension |7 1 |
| 935 | |i Blocktest | ||
| 936 | r | v | |a AP 64200 |b Biografien, Tagebücher, Memoiren, Briefe |k Allgemeines |k Medien- und Kommunikationswissenschaften, Medienkulturwissenschaft, Kommunikationsdesign |k Theater |k Biografie, Geschichte |k Biografien, Tagebücher, Memoiren, Briefe |0 (DE-627)1270691570 |0 (DE-625)rvk/7828: |0 (DE-576)200691570 |
| 936 | r | v | |a AP 74100 |b Inszenierung, Regie |k Allgemeines |k Medien- und Kommunikationswissenschaften, Medienkulturwissenschaft, Kommunikationsdesign |k Theater |k Schauspielkunst |k Inszenierung, Regie |0 (DE-627)1270692518 |0 (DE-625)rvk/7929: |0 (DE-576)200692518 |
| 936 | b | k | |a 24.02 |j Theater: Allgemeines |0 (DE-627)106415786 |
| 936 | b | k | |a 24.01 |j Darstellende Künstler |0 (DE-627)181571730 |
| 936 | b | k | |a 24.03 |j Theorie und Ästhetik des Theaters |0 (DE-627)106405640 |
| 936 | b | k | |a 24.06 |j Theatergeschichte |0 (DE-627)106405845 |
| 936 | s | n | |a X500 |2 mzub |
| 936 | s | n | |a l300 |2 mzub |
| 936 | s | n | |a a600 |2 mzub |
| 951 | |a BO | ||
| 990 | |a Craig, Edward Gordon | ||
| 990 | |a Theater | ||
| 990 | |a Gesamtkunstwerk | ||
| 991 | |a Rezensiertes Werk | ||
| 999 | |a KXP-PPN352075724 |e 4988409724 | ||


